000 00620cam a2200205 4500
001 B2789
008 090401t1990 xxu||||| |||| 00| 0 eng d
035 _a(Sirsi) u52185
041 _aeng
050 _a692.8
090 _aRICS 1990/30A
110 _aRoyal Institution of Chartered Surveyors
_94900
245 _aCertificate for payment for use with the Intermediate Form of Contract. Unserlialised
260 _aLondon
_bRoyal Institution of Chartered Surveyors
_c1990
300 _aPad of 30x5 forms ; 30cm.
350 _a12.95
650 _aCONTRACT ADMINISTRATION FORMS
942 _n0
948 _c04/03/1997
999 _c93000
_d93000